| 000 | 00691cam a2200277 4500 | ||
|---|---|---|---|
| 001 | J1309 | ||
| 008 | 090401t1992 xxu||||| |||| 00| 0 eng d | ||
| 035 | _a(Sirsi) u42794 | ||
| 041 | _aeng | ||
| 050 | _a333.337094223 | ||
| 110 |
_aCluttons _92064 |
||
| 245 | _aKent property market review. - Autumn 1992. | ||
| 260 |
_aLondon _bCluttons _c1992 |
||
| 300 | _a(14)p. : ill. ; 30cm. | ||
| 350 | _a0 | ||
| 650 | _aBUSINESS PARKS | ||
| 650 | _aINDUSTRIAL PROPERTY | ||
| 650 | _aOFFICES | ||
| 650 | _aPROPERTY MARKET | ||
| 650 | _aRENT | ||
| 650 | _aSHOPS | ||
| 690 | _aPROPERTY-COMMERCIAL PROPERTY | ||
| 710 |
_aKent County Council _91554 |
||
| 942 | _n0 | ||
| 948 | _c04/03/1997 | ||
| 999 |
_c91181 _d91181 |
||